Fisica contemporanea / (Registro nro. 20941)

Detalles MARC
000 -LEADER
fixed length control field 01660nam a2200313 4500
001 - CONTROL NUMBER
control field 0000019330
003 - CONTROL NUMBER IDENTIFIER
control field CO-CtgCURN
005 - DATE AND TIME OF LATEST TRANSACTION
control field 20250331184734.0
007 - PHYSICAL DESCRIPTION FIXED FIELD--GENERAL INFORMATION
fixed length control field ta
008 - FIXED-LENGTH DATA ELEMENTS--GENERAL INFORMATION
fixed length control field 160627s2001 000 0 eng d
020 ## - INTERNATIONAL STANDARD BOOK NUMBER
International Standard Book Number 9701032829
040 ## - CATALOGING SOURCE
Original cataloging agency CO-CtgCURN
Language of cataloging spa
Transcribing agency coctgcurn
082 0# - DEWEY DECIMAL CLASSIFICATION NUMBER
Classification number 530
Item number J65f
100 1# - MAIN ENTRY--PERSONAL NAME
Personal name Jones, Edwin.
245 10 - TITLE STATEMENT
Title Fisica contemporanea /
Statement of responsibility, etc. Edwin Jones y Richard Childers.
250 ## - EDITION STATEMENT
Edition statement 3a ed.
260 ## - PUBLICATION, DISTRIBUTION, ETC.
Place of publication, distribution, etc. Mexico :
Name of publisher, distributor, etc. McGraw Hill,
Date of publication, distribution, etc. 2001.
300 ## - PHYSICAL DESCRIPTION
Extent xx, 1025 p.
336 ## - CONTENT TYPE
Source rdacontent
337 ## - MEDIA TYPE
Source rdamedia
Media type term sin mediacion
Media type code n
338 ## - CARRIER TYPE
Source rdacarrier
Carrier type term volumen
Carrier type code nc
500 ## - GENERAL NOTE
General note Incluye apendice: A. Formulas de algebra, geometria y trigonometria A-1.--B. El sistema Internacional de Unidades A-4.--C. Lista alfabetica de los elementos A-5.--Respuestas a los problemas impares A-69\Anexo\Titulo original: Contemporary college physics.
505 8# - FORMATTED CONTENTS NOTE
Formatted contents note Medicion, modelos y análisis.--Movimiento en una dimension.--Movimiento en dos dimensiones.--Fuerza y movimiento.--Movimiento circular uniforme y gravitacion.--Trabajo y energia.--Momentum lineal.--Aplicacion de las leyes de conservacion.--Movimiento periodico.--Corrientes y resistencias electricas.--Magnetismo.--Inducción electromagnetica.--Circuitos de corriente alterna.--optica geometrica.--Instrumentos opticos.--Origenes de la teoria cuantica.--Mecanica cuantica.--El nucleo.--Laseres, holografia y color.--Materia condensada.--Fisica de particulas elementales
650 14 - SUBJECT ADDED ENTRY--TOPICAL TERM
Topical term or geographic name entry element Fisica.
700 1# - ADDED ENTRY--PERSONAL NAME
Personal name Childers, Richard.
908 ## - PUT COMMAND PARAMETER (RLIN)
Put command parameter 160627
942 ## - ADDED ENTRY ELEMENTS (KOHA)
Koha item type Libros
Classification part 530
Item part J65f
Source of classification or shelving scheme Dewey Decimal Classification
Existencias
Withdrawn status Lost status Source of classification or shelving scheme Damaged status Not for loan Collection Home library Current library Shelving location Date acquired Inventory number Total checkouts Full call number Barcode Date last seen Price effective from Koha item type Public note
    Dewey Decimal Classification     General Miguel Henríquez Castañeda Miguel Henríquez Castañeda General 03/31/2025 007444   530 J65f 007444 03/31/2025 03/31/2025 Libros 530-FISICA